[Event "RUS-ch Rapid"]
[Site "Sochi"]
[Date "2022.10.16"]
[Round "10"]
[White "Balashov, Yuri S"]
[Black "Gutenev, Alexander"]
[Result "1/2-1/2"]
[WhiteElo "2395"]
[BlackElo "2448"]
[PlyCount "62"]
[EventDate "2022.10.15"]
[EventType "swiss (rapid)"]
[EventRounds "11"]
[EventCountry "RUS"]
[SourceTitle "CBM 210 Extra"]
[Source "ChessBase"]
[SourceDate "2022.11.30"]
[SourceVersion "1"]
[SourceVersionDate "2022.11.30"]
[SourceQuality "1"]

1. d4 Nf6 2. c4 g6 3. Nc3 d5 4. Nf3 Bg7 5. e3 0-0 6. Be2 c5 7. 0-0 cxd4 8. Nxd4 a6 9. cxd5 Nxd5 10. Bf3 Nxc3 11. bxc3 e5 12. Nb3 Qc7 13. Bd5 Rd8 14. e4 Be6 15. Bg5 Re8 16. c4 Nd7 17. c5 h6 18. Be3 Nf6 19. Bxe6 Rxe6 20. f3 Rd8 21. Qe2 Bf8 22. Rfd1 Rxd1+ 23. Rxd1 Nd7 24. Rd5 Nf6 25. Rd1 Nd7 26. Rd5 Rc6 27. Qf2 h5 28. h3 Nf6 29. Rd1 Nd7 30. Rd5 Nf6 31. Rd1 Nd7 1/2-1/2

[Event "RUS-ch Rapid"]
[Site "Sochi"]
[Date "2022.10.16"]
[Round "7"]
[White "Gutenev, Alexander"]
[Black "Zvjaginsev, Vadim"]
[Result "0-1"]
[WhiteElo "2448"]
[BlackElo "2598"]
[PlyCount "58"]
[EventDate "2022.10.15"]
[EventType "swiss (rapid)"]
[EventRounds "11"]
[EventCountry "RUS"]
[SourceTitle "CBM 210 Extra"]
[Source "ChessBase"]
[SourceDate "2022.11.30"]
[SourceVersion "1"]
[SourceVersionDate "2022.11.30"]
[SourceQuality "1"]

1. e4 c5 2. Nf3 Nc6 3. d4 cxd4 4. Nxd4 g6 5. c4 Nf6 6. Nc3 d6 7. Be2 Nxd4 8. Qxd4 Bg7 9. Bg5 0-0 10. Qd2 a5 11. f3 a4 12. Rc1 Be6 13. 0-0 Re8 14. Rfd1 Qb6+ 15. Be3 Qa5 16. Nd5 Nd7 17. Kf2 Kf8 18. h4 Rec8 19. Rc2 Qxd2 20. Rdxd2 a3 21. b3 Bxd5 22. Rxd5 Nc5 23. b4 Na4 24. c5 dxc5 25. bxc5 b6 26. c6 Nc3 27. Bxb6 Rxc6 28. Rd8+ Rxd8 29. Bxd8 Nxe4+ 0-1

[Event "RUS-ch Blitz"]
[Site "Sochi"]
[Date "2022.10.14"]
[Round "3"]
[White "Sjugirov, Sanan"]
[Black "Gutenev, Alexander"]
[Result "1-0"]
[WhiteElo "2709"]
[BlackElo "2448"]
[PlyCount "115"]
[EventDate "2022.10.14"]
[EventType "swiss (blitz)"]
[EventRounds "13"]
[EventCountry "RUS"]
[SourceTitle "CBM 210 Extra"]
[Source "ChessBase"]
[SourceDate "2022.11.30"]
[SourceVersion "1"]
[SourceVersionDate "2022.11.30"]
[SourceQuality "1"]

1. d4 Nf6 2. Nf3 g6 3. Nbd2 d5 4. b3 Bg7 5. Bb2 0-0 6. e3 c6 7. Be2 Bf5 8. 0-0 Ne4 9. c4 Nd7 10. Rc1 Re8 11. b4 Nxd2 12. Qxd2 a6 13. a4 Rc8 14. cxd5 cxd5 15. b5 axb5 16. Bxb5 Rf8 17. Rxc8 Qxc8 18. Ba3 Bf6 19. Rc1 Qb8 20. h3 Rc8 21. Rc3 Nb6 22. Qc1 Rxc3 23. Qxc3 Qc8 24. Qxc8+ Bxc8 25. Ne5 Kf8 26. Bc5 Bxe5 27. dxe5 Nc4 28. f4 h5 29. Kf2 Bf5 30. Bb4 h4 31. a5 Be4 32. Bd7 Bf5 33. Ba4 Be6 34. Bc2 Bf5 35. Bb3 Bd7 36. e4 Bc6 37. exd5 Bxd5 38. Bc2 Ke8 39. Ba4+ Kd8 40. Bc2 Kc7 41. Bxe7 Nxa5 42. Bxh4 Nc6 43. g4 b5 44. Bf6 Be6 45. Kg3 Nd4 46. Bd3 b4 47. h4 b3 48. Be7 Kc6 49. Ba3 Kd5 50. Bb2 Bd7 51. Bc3 Be6 52. Bb2 Bd7 53. f5 gxf5 54. h5 fxg4 55. h6 Bf5 56. Bf1 Kxe5 57. Bc4 Be6 58. h7 1-0

[Event "Cheliabinsk Variation Blitz"]
[Site "Cheliabinsk"]
[Date "2022.03.31"]
[Round "8"]
[White "Garifullina, Leya"]
[Black "Gutenev, Alexander"]
[Result "0-1"]
[WhiteElo "2412"]
[BlackElo "2455"]
[PlyCount "64"]
[EventDate "2022.03.31"]
[EventType "swiss (blitz)"]
[EventRounds "13"]
[EventCountry "RUS"]
[SourceTitle "CBM 207 Extra"]
[Source "ChessBase"]
[SourceDate "2022.05.31"]
[SourceVersion "1"]
[SourceVersionDate "2022.05.31"]
[SourceQuality "1"]

1. e4 c5 2. Nf3 Nc6 3. d4 cxd4 4. Nxd4 Nf6 5. Nc3 e5 6. Ndb5 d6 7. Nd5 Nxd5 8. exd5 Ne7 9. c4 Ng6 10. Qa4 Bd7 11. Qb4 Qb8 12. h4 h5 13. Be2 a6 14. Nc3 Qc7 15. Be3 Be7 16. g3 f5 17. Na4 b5 18. Nb6 Rb8 19. Nxd7 Qxd7 20. cxb5 axb5 21. a4 f4 22. gxf4 0-0 23. Bxb5 Qf5 24. fxe5 Nxe5 25. Qa3 Rxb5 26. axb5 Qc2 27. Qa7 Bxh4 28. Rxh4 Nf3+ 29. Kf1 Qd3+ 30. Kg2 Nxh4+ 31. Kh3 Qf5+ 32. Kh2 Qg4 0-1

[Event "Titled Tuesday intern op 01st Mar Late"]
[Site "Chess.com INT"]
[Date "2022.03.01"]
[Round "1"]
[White "Gutenev, Alexander"]
[Black "Lima, Kleyton Alcantara"]
[Result "1-0"]
[WhiteElo "2455"]
[BlackElo "2033"]
[PlyCount "91"]
[EventDate "2022.03.01"]
[EventType "swiss (blitz)"]
[EventRounds "11"]
[EventCountry "USA"]
[SourceTitle "CBM 207 Extra"]
[Source "ChessBase"]
[SourceDate "2022.05.31"]
[SourceVersion "1"]
[SourceVersionDate "2022.05.31"]
[SourceQuality "1"]

1. e4 c5 2. Nf3 d6 3. Bb5+ Bd7 4. a4 Nf6 5. Nc3 g6 6. e5 dxe5 7. Nxe5 Bg7 8. Nxd7 Nbxd7 9. 0-0 0-0 10. Re1 e6 11. d3 a6 12. Bc4 Qc7 13. Qf3 Ne5 14. Qg3 Nh5 15. Qh4 Nxc4 16. Qxc4 Rad8 17. Be3 Bd4 18. Rad1 Nf4 19. g3 Bxe3 20. fxe3 Nd5 21. Ne4 Rc8 22. Ng5 Qe5 23. Qh4 h5 24. c3 b5 25. e4 Nf6 26. Nf3 g5 27. Nxg5 Nh7 28. Nf3 Qf6 29. Qxh5 bxa4 30. Rf1 Qg6 31. Qh4 c4 32. d4 Rb8 33. Rf2 Rb3 34. Ne5 Qg5 35. Nxc4 Qxh4 36. gxh4 Rc8 37. Nd6 Rcb8 38. Rdd2 a3 39. bxa3 Rxc3 40. Nxf7 Rxa3 41. Ne5 a5 42. Rg2+ Kf8 43. Rdf2+ Ke8 44. Rg8+ Ke7 45. Rf7+ Kd6 46. Rd7# 1-0

[Event "Titled Tuesday intern op 01st Mar Late"]
[Site "Chess.com INT"]
[Date "2022.03.01"]
[Round "6"]
[White "Gutenev, Alexander"]
[Black "Quesada Perez, Yuniesky"]
[Result "1-0"]
[WhiteElo "2455"]
[BlackElo "2589"]
[PlyCount "63"]
[EventDate "2022.03.01"]
[EventType "swiss (blitz)"]
[EventRounds "11"]
[EventCountry "USA"]
[SourceTitle "CBM 207 Extra"]
[Source "ChessBase"]
[SourceDate "2022.05.31"]
[SourceVersion "1"]
[SourceVersionDate "2022.05.31"]
[SourceQuality "1"]

1. e4 d5 2. exd5 Qxd5 3. Nc3 Qa5 4. d4 Nf6 5. Nf3 Bf5 6. Bc4 e6 7. Bd2 Bb4 8. Qe2 0-0 9. 0-0-0 Nc6 10. a3 Bxa3 11. bxa3 Qxa3+ 12. Kb1 Nb4 13. Ne1 b5 14. Nxb5 Qa4 15. Kb2 Nxc2 16. Bb3 Nxd4 17. Bxa4 Nxe2 18. Bb4 Rfb8 19. Ka3 Nd5 20. Rxd5 exd5 21. Nxc7 a5 22. Bc5 Nc3 23. Nf3 Nb1+ 24. Rxb1 Bxb1 25. Nxa8 Rxa8 26. Nd4 Rc8 27. Bb6 Bd3 28. Bxa5 Rc1 29. Bb3 Bc4 30. Bd2 Rd1 31. Be3 h5 32. Bxd1 1-0